Central Library OPAC University of Rajshahi

The works of William Shakespeare / (Record no. 77596)

MARC details
000 -LEADER
fixed length control field 00706nam a22002297a 4500
001 - CONTROL NUMBER
control field 77596
003 - CONTROL NUMBER IDENTIFIER
rucl marc code BD-RjUL
005 - DATE AND TIME OF LATEST TRANSACTION
control field 20211209083011.0
008 - FIXED-LENGTH DATA ELEMENTS--GENERAL INFORMATION
fixed length control field 200924r19581946 ||||| |||| 00| 0 eng d
035 ## - SYSTEM CONTROL NUMBER
System control number (BD-RjUL)77822
040 ## - CATALOGING SOURCE
Original cataloging agency BD-RjUL
Language of cataloging eng
Transcribing agency BD-RjUL
041 ## - LANGUAGE CODE
Language code of text/sound track or separate title eng
082 ## - DEWEY DECIMAL CLASSIFICATION NUMBER
Classification number 822.33
Author mark and year SHW 1958
245 14 - TITLE STATEMENT
Title The works of William Shakespeare /
Statement of responsibility, etc. edited by John Dover Wilson
260 ## - PUBLICATION, DISTRIBUTION, ETC. (IMPRINT)
Place of publication, distribution, etc. Britain :
Name of publisher, distributor, etc. Cambridge University ,
Date of publication, distribution, etc. 1958
300 ## - PHYSICAL DESCRIPTION
Pagination xlvii, 210 p ;
Size 19 cm.
490 ## - SERIES STATEMENT
Series statement the first part of the history of Henry iv ;
504 ## - BIBLIOGRAPHY, ETC. NOTE
Bibliography, etc Includes bibliographical Index
600 ## - SUBJECT ADDED ENTRY--PERSONAL NAME
Personal name Shakespeare, William,
Dates associated with a name 1564-1616
700 ## - ADDED ENTRY--PERSONAL NAME
Personal name Wilson, John Dover
942 ## - ADDED ENTRY ELEMENTS (KOHA)
Source of classification or shelving scheme Dewey Decimal Classification
Koha item type Books
Holdings
Lost status Source of classification or shelving scheme Damaged status Not for loan Collection code Permanent Location Current Location Shelving location Date acquired Source of acquisition Total Checkouts Full call number Date last seen Copy number Koha item type
  Dewey Decimal Classification     Non-fiction Central Library, University of Rajshahi Central Library, University of Rajshahi   19/02/1963 Zeitlinger   822.33 SHW 1958 pt.1 06/12/2020 C-1 Books
  Dewey Decimal Classification     Non-fiction Central Library, University of Rajshahi Central Library, University of Rajshahi   19/02/1963 Zeitlinger   822.33 SHW 1961 pt.2 06/12/2020 C-1 Books